Premier League team logos 2026/27 - Statistics

General Stats
  • This quiz has been taken 1,076 times
    73 since last reset
  • The average score is 18 of 20
Answer Stats
Picture Answer % Correct
Arsenal
100%
Chelsea
100%
Manchester City
100%
Manchester United
100%
Tottenham Hotspur
100%
Liverpool
99%
Nottingham Forest
96%
Aston Villa
94%
Everton
94%
Brighton & Hove Albion
93%
Crystal Palace
88%
Leeds
88%
Newcastle
88%
Brentford
87%
Bournemouth
86%
Fulham
83%
Sunderland
78%
Hull
71%
Ipswich
68%
Coventry
58%
No matching quizzes found
Score Distribution
Percent of People with Each Score
Percentile by Number Answered
Your Score History
You have not taken this quiz since the last reset